Angels don't know karate / (Record no. 1032)
[ view plain ]
| 000 -LEADER | |
|---|---|
| fixed length control field | 01187cam a22003493a 4500 |
| 005 - DATE AND TIME OF LATEST TRANSACTION | |
| control field | 20230828105343.0 |
| 020 ## - INTERNATIONAL STANDARD BOOK NUMBER | |
| International Standard Book Number | 078073003501 |
| 040 ## - CATALOGING SOURCE | |
| Original cataloging agency | JDP |
| Transcribing agency | JDP |
| Modifying agency | JED |
| -- | SLC |
| -- | OCL |
| -- | DLC |
| Language of cataloging | eng |
| 050 00 - LIBRARY OF CONGRESS CALL NUMBER | |
| Classification number | PZ7.D128 |
| 082 04 - DEWEY DECIMAL CLASSIFICATION NUMBER | |
| Classification number | Fic |
| Edition number | 21 |
| 100 1# - MAIN ENTRY--PERSONAL NAME | |
| Personal name | Dadey, Debbie. |
| 245 10 - TITLE STATEMENT | |
| Title | Angels don't know karate / |
| Statement of responsibility, etc. | by Debbie Dadey and Marcia Thornton Jones ; illustrated by John Steven Gurney. |
| 260 ## - PUBLICATION, DISTRIBUTION, ETC. | |
| Place of publication, distribution, etc. | New York : |
| Name of publisher, distributor, etc. | Scholastic, |
| Date of publication, distribution, etc. | 1996. |
| 300 ## - PHYSICAL DESCRIPTION | |
| Extent | 67 pages : |
| Other physical details | illustrations ; |
| Dimensions | 20 cm |
| 490 1# - SERIES STATEMENT | |
| Series statement | The Adventures of the Bailey School kids ; |
| Volume/sequential designation | Book 23 |
| 505 ## - FORMATTED CONTENTS NOTE | |
| Formatted contents note | N <br/> |
| 520 ## - SUMMARY, ETC. | |
| Summary, etc. | The Bailey School kids set out to find out if the new karate teacher is really an angel. |
| 521 8# - TARGET AUDIENCE NOTE | |
| Target audience note | 570 <br/> |
| Source | Lexile <br/> |
| 521 1# - TARGET AUDIENCE NOTE | |
| Target audience note | N <br/> |
| Source | Raz-Plus <br/> |
| 650 #0 - SUBJECT ADDED ENTRY--TOPICAL TERM | |
| Topical term or geographic name entry element | Angels |
| Form subdivision | Juvenile fiction. |
| 650 #0 - SUBJECT ADDED ENTRY--TOPICAL TERM | |
| Topical term or geographic name entry element | Karate |
| Form subdivision | Juvenile fiction. |
| 650 #0 - SUBJECT ADDED ENTRY--TOPICAL TERM | |
| Topical term or geographic name entry element | Angels |
| Form subdivision | Fiction. |
| 650 #0 - SUBJECT ADDED ENTRY--TOPICAL TERM | |
| Topical term or geographic name entry element | Karate |
| Form subdivision | Fiction. |
| 650 #0 - SUBJECT ADDED ENTRY--TOPICAL TERM | |
| Topical term or geographic name entry element | Karate teachers. |
| 655 #7 - INDEX TERM--GENRE/FORM | |
| Genre/form data or focus term | Young adult fiction. |
| Source of term | lcsh |
| 700 1# - ADDED ENTRY--PERSONAL NAME | |
| Personal name | Jones, Marcia Thornton. |
| 700 1# - ADDED ENTRY--PERSONAL NAME | |
| Personal name | Gurney, John. |
| Relationship | illustrator |
| 906 ## - LOCAL DATA ELEMENT F, LDF (RLIN) | |
| a | 7 |
| b | cbc |
| c | copycat |
| d | 2 |
| e | ncip |
| f | 19 |
| g | y-genrareb |
| 942 ## - ADDED ENTRY ELEMENTS (KOHA) | |
| Source of classification or shelving scheme | Dewey Decimal Classification |
| Koha item type | Books |
| Suppress in OPAC | No |
| 999 ## - | |
| -- | 1032 |
| -- | 1032 |
| Withdrawn status | Lost status | Source of classification or shelving scheme | Damaged status | Not for loan | Collection | Home library | Current library | Shelving location | Date acquired | Total Checkouts | Full call number | Barcode | Date last seen | Date last checked out | Price effective from | Koha item type |
|---|---|---|---|---|---|---|---|---|---|---|---|---|---|---|---|---|
| Dewey Decimal Classification | Juvenile Fiction | Footprints International School Library Network Toul Kork Campus | Footprints International School Library Network Toul Kork Campus | 07/19/2023 | 1 | DAD Fic PZ7.D128 | FISBK00520 | 01/08/2024 | 12/11/2023 | 07/19/2023 | Books |
